<?xml version="1.0" encoding="UTF-8"?>
<record
    xmlns:xsi="http://www.w3.org/2001/XMLSchema-instance"
    xsi:schemaLocation="http://www.loc.gov/MARC21/slim http://www.loc.gov/standards/marcxml/schema/MARC21slim.xsd"
    xmlns="http://www.loc.gov/MARC21/slim">

  <leader>00652    a2200193   4500</leader>
  <controlfield tag="001">141685</controlfield>
  <datafield tag="040" ind1=" " ind2=" ">
    <subfield code="c">Leonardo Da Vinci</subfield>
  </datafield>
  <datafield tag="041" ind1=" " ind2=" ">
    <subfield code="a">Portugu&#xEA;s</subfield>
  </datafield>
  <datafield tag="082" ind1=" " ind2=" ">
    <subfield code="a">r036.9 E46ej</subfield>
    <subfield code="b">E46ej</subfield>
  </datafield>
  <datafield tag="100" ind1=" " ind2=" ">
    <subfield code="a">White, Anne Terry</subfield>
  </datafield>
  <datafield tag="245" ind1=" " ind2=" ">
    <subfield code="a">Enciclop&#xE9;dia Juvenil</subfield>
    <subfield code="b">as estrelas</subfield>
  </datafield>
  <datafield tag="250" ind1=" " ind2=" ">
    <subfield code="a">3.ed. v.6</subfield>
  </datafield>
  <datafield tag="260" ind1=" " ind2=" ">
    <subfield code="b">Record</subfield>
    <subfield code="c">1965</subfield>
    <subfield code="a">Rio de Janeiro</subfield>
  </datafield>
  <datafield tag="300" ind1=" " ind2=" ">
    <subfield code="a">124</subfield>
  </datafield>
  <datafield tag="362" ind1=" " ind2=" ">
    <subfield code="a">19650000</subfield>
  </datafield>
  <datafield tag="500" ind1=" " ind2=" ">
    <subfield code="a">Obra em 11 volumes</subfield>
    <subfield code="a">Ronaldo S&#xE9;rgio de Biasi (Tradu&#xE7;&#xE3;o)</subfield>
  </datafield>
  <datafield tag="697" ind1=" " ind2=" ">
    <subfield code="a">Refer&#xEA;ncia</subfield>
    <subfield code="a">Enciclop&#xE9;dia</subfield>
    <subfield code="a">Curiosidades</subfield>
    <subfield code="a">Descobertas</subfield>
    <subfield code="a">Sol</subfield>
    <subfield code="a">Estrela</subfield>
    <subfield code="a">Merc&#xFA;rio</subfield>
    <subfield code="a">Planetas</subfield>
    <subfield code="a">Marte</subfield>
    <subfield code="a">Galileu Galilei</subfield>
    <subfield code="a">J&#xFA;piter</subfield>
    <subfield code="a">Estrela cadente</subfield>
    <subfield code="a">Estrela com cauda</subfield>
    <subfield code="a">Gal&#xE1;xia</subfield>
  </datafield>
  <datafield tag="942" ind1=" " ind2=" ">
    <subfield code="c">BK</subfield>
  </datafield>
  <datafield tag="952" ind1=" " ind2=" ">
    <subfield code="0">0</subfield>
    <subfield code="1">0</subfield>
    <subfield code="4">0</subfield>
    <subfield code="7">0</subfield>
    <subfield code="a">71.1</subfield>
    <subfield code="b">71.1</subfield>
    <subfield code="d">2024-03-27</subfield>
    <subfield code="l">0</subfield>
    <subfield code="o">r036.9 E46ej</subfield>
    <subfield code="p">O008564</subfield>
    <subfield code="r">2024-03-27 22:46:20</subfield>
    <subfield code="w">2024-03-27</subfield>
    <subfield code="y">BK</subfield>
  </datafield>
  <datafield tag="999" ind1=" " ind2=" ">
    <subfield code="c">141685</subfield>
    <subfield code="d">141685</subfield>
  </datafield>
</record>
